000 00394nam a22001697a 4500
003 OSt
005 20211020111717.0
008 211020b |||||||| |||| 00| 0 eng d
020 _a0-7216-7855-6
040 _aDDC
_cHU
082 _21
_a612.1
100 _aRUTHERFORD
_914548
245 _aVASCULAR SURGERY
250 _a1
260 _aBoston
_bHarvard Medical School
942 _2ddc
_cBOOKS
_n0
999 _c13692
_d13692